Кн. 2; Печатные платы

Bibliografski detalji
Parent link:Печатные платы: справочник/ под ред. К. Ф. Кумбза. Кн. 2.— , 2011
Sažetak:Сплошная пагинация.
В издании рассматриваются все процессы создания и применения печатных плат: проектирование и выбор базовых материалов, изготовление, обеспечение качества и оценки надежности печатных плат и печатных узлов, монтаж плат, включая особенности бессвинцовых технологий пайки, а также методы и средства испытаний применительно к специальным требованиям. Шестое издание дополнено информацией по ценообразованию, количественной оценке технологичности плат, управлению производством и решению экологических проблем. Справочник рассчитан на широкий круг специалистов-технологов, конструкторов, схемотехников и специалистов по надежности, поскольку печатные платы являются фундаментом проектирования и производства изделий электроники. Данная книга может служить учебным пособием для студентов и аспирантов вузов соответствующих специальностей.
Jezik:ruski
Izdano: 2011
Teme:
Format: Knjiga
KOHA link:https://koha.lib.tpu.ru/cgi-bin/koha/opac-detail.pl?biblionumber=206221

MARC

LEADER 00000nam2a2200000 4500
001 206221
005 20231031190711.0
010 |a 9785948362588 
035 |a (RuTPU)RU\TPU\book\224791 
035 |a RU\TPU\book\220038 
090 |a 206221 
100 |a 20111228d2011 km y0rusy50 ca 
101 0 |a rus 
102 |a RU 
105 |a a g 001zy 
200 0 |a Кн. 2 
210 |d 2011 
215 |a С. 1017-2031  |c ил. 
300 |a Сплошная пагинация. 
320 |a Библиография в конце глав. 
320 |a Глоссарий: с. 1995-2008. 
320 |a Предметный указатель: с. 2011-2031. 
330 |a В издании рассматриваются все процессы создания и применения печатных плат: проектирование и выбор базовых материалов, изготовление, обеспечение качества и оценки надежности печатных плат и печатных узлов, монтаж плат, включая особенности бессвинцовых технологий пайки, а также методы и средства испытаний применительно к специальным требованиям. Шестое издание дополнено информацией по ценообразованию, количественной оценке технологичности плат, управлению производством и решению экологических проблем. Справочник рассчитан на широкий круг специалистов-технологов, конструкторов, схемотехников и специалистов по надежности, поскольку печатные платы являются фундаментом проектирования и производства изделий электроники. Данная книга может служить учебным пособием для студентов и аспирантов вузов соответствующих специальностей. 
461 1 |0 (RuTPU)RU\TPU\book\134238  |t Печатные платы  |o справочник  |o в 2 кн.  |o пер. с англ.  |f под ред. К. Ф. Кумбза  |v Кн. 2  |d 2011  |s Мир электроники 
606 1 |a Печатные платы  |2 stltpush  |3 (RuTPU)RU\TPU\subj\48721 
610 1 |a тестирование 
610 1 |a монтаж 
610 1 |a пайка 
610 1 |a материалы 
610 1 |a процессы 
610 1 |a непаянные соединения 
610 1 |a качество 
610 1 |a печатные узлы 
610 1 |a сборка 
610 1 |a надежность 
610 1 |a экология 
610 1 |a гибкие печатные платы 
610 1 |a справочники 
675 |a 621.396.6.049.75(035)  |v 3 
801 1 |a RU  |b 63413507  |c 20111003 
801 2 |a RU  |b 63413507  |c 20150615  |g RCR 
900 |a Электроника 
942 |c BK 
959 |a 85/20110928  |d 2  |e 2600,00  |f ЧЗТЛ:1  |f АНЛ:1